00928nam a2200241 450000500170000001000150001702000260003203500140005803700090007208200080008110000250008924500980011426000400021227000740025230000200032670000400034670000360038670000310042270000220045394200300047599900190050595201620052420250617113544.0 aENG-145409 a9789361636691c370.00 aEN-128941 bDBAD a657 aAnirudhan, B.982100 aDigital Transformation in Marketing technology and Industrial Trends/cB. Anirudhan...[et.al] aMaduraibShanlax Publicationsc2024 a61,66 Vasantha Nagar bMaduraie625003mshanlaxpublications@gmail.com a139p.c24cm(Pb) aM. Shanthana LakshmieAuthor982092 aK. RajarajeswarieAuthor982093 aR. MahadevieAuthor982094 aS. Shanthi982101 2ddccENh658.8093321mANI c211847d211847 001040708NFICaZLSbZLSd2025-06-17eDelivery of Books Act Divisiong370.00l0o658.8093321 ANIpEN-128941r2025-06-17 00:00:00t1v370.00w2025-06-17yEN